Vista normal
Vista MARC
Entrada Personal Name
Número de registros utilizados en: 3
001 - CONTROL NUMBER
- control field: 346
003 - CONTROL NUMBER IDENTIFIER
- control field: AR-EsCIE
005 - DATE AND TIME OF LATEST TRANSACTION
- control field: 20250115100343.0
008 - FIXED-LENGTH DATA ELEMENTS
- fixed length control field: 250115|| aca||aabn | a|a d
040 ## - CATALOGING SOURCE
- Original cataloging agency: AR-EsCIE
100 1# - HEADING--PERSONAL NAME
- Personal name: Monges, Juan
670 ## - SOURCE DATA FOUND
- Source citation: El laboratorio de producción de blanco más austral de Argentina. En: 2ª convención internacional de hongos comestibles y medicinales. 2022.
